Cieľovo-programové prístupy v plánovaní sociálneho rozvoja čiastková úloha SPEV 906 111 403 02

Uložené v:
Podrobná bibliografia
Médium: Kniha
Jazyk:Slovak
Vydavateľské údaje: Bratislava Výskumný ústav životnej úrovne 1983
Edícia:Výskumná úloha č. 285
Tagy: Pridať tag
Žiadne tagy, Buďte prvý, kto otaguje tento záznam!

MARC

LEADER 00000nam a2200000 4500
001 c114063
005 20221128065515.5
041 0 |a slo 
044 |a SK 
245 1 0 |a Cieľovo-programové prístupy v plánovaní sociálneho rozvoja  |b čiastková úloha SPEV 906 111 403 02 
264 1 |a Bratislava  |b Výskumný ústav životnej úrovne  |c 1983 
300 |a 109 s. 
490 1 |a Výskumná úloha  |v č. 285 
830 0 |a Výskumná úloha  |v č. 285